000
00307nam a22001337a 4500
008
170912b xxu||||| |||| 00| 0 eng d
020
_a
9780030020780
041
_a
eng
080
_2
5TH
_a
53
100
_a
43
101
_a
FIZ
245
_a
PRINCIPLES OF INTRUMENTAL ANALYSIS
_c
SKOOG,D.A
942
_2
udc
_c
BK
999
_c
27271
_d
27271